| 000 | 00754nam a2200205 a 4500 | ||
|---|---|---|---|
| 005 | 20240504063740.0 | ||
| 008 | 991125c1978 new 000 0 eng u | ||
| 020 | _a0471984353 | ||
| 035 | _aUPN01000057034 | ||
| 049 | _aCG | ||
| 050 | 4 |
_aQ125 _bT6.4 |
|
| 245 | 0 | 0 |
_aToward a metric of science : _bthe advent of science indicators / _ced. by Yehuda Elkana... [et al.]. |
| 260 |
_aNew York : _bJ. Wiley, _c1978. |
||
| 300 |
_a354 p. : _bil. |
||
| 440 | 0 | _aScience, culture and society | |
| 500 | _a"Basado en una conferencia auspiciada por el Centro de Estudios Avanzados en las Ciencias del Comportamiento y el Consejo de Investigación de Ciencias Sociales" | ||
| 650 | 4 |
_aCiencia _xHistoria _94695 |
|
| 700 | 2 |
_aElkana, Yehuda, _eed. |
|
| 905 | _aLibro | ||
| 999 |
_c57034 _d57034 |
||